Normal view
MARC view
Entry Personal Name
001 - CONTROL NUMBER
- control field: 83885
003 - CONTROL NUMBER IDENTIFIER
- control field: dpl
005 - DATE AND TIME OF LATEST TRANSACTION
- control field: 20250806151129.0
008 - FIXED-LENGTH DATA ELEMENTS
- fixed length control field: 250806|| aca||aabn | a|a d
040 ## - CATALOGING SOURCE
- Original cataloging agency: dpl
- Transcribing agency: dpl
100 ## - HEADING--PERSONAL NAME
- Personal name: Kafka, Franz
670 ## - SOURCE DATA FOUND
- Source citation: Work cat.: (dpl)212908: Kafka, Franz, The Trial/, 2025
